Normal view
MARC view
Entry Topical Term
001 - CONTROL NUMBER
- control field: 19843
003 - CONTROL NUMBER IDENTIFIER
- control field: OSt
005 - DATE AND TIME OF LATEST TRANSACTION
- control field: 20201225123724.0
008 - FIXED-LENGTH DATA ELEMENTS
- fixed length control field: 201225|| aca||aabn | a|a d
040 ## - CATALOGING SOURCE
- Original cataloging agency: OSt
- Transcribing agency: OSt
150 ## - HEADING--TOPICAL TERM
- Topical term or geographic name entry element: Gender Mainstreaming, South Korea, Discursive institutionalism, Gender politics, Minsitry of Gender equality
670 ## - SOURCE DATA FOUND
- Source citation: Work cat.: (OSt): Lee, Sung-Hee. 19842, Beyond the policy rhetoric: The limitations of gender mainstreaming in South Korea relating to women and childcare
